00710nam a2200193 a 450000500170000000800410001702000180005805000180007610000160009424500880011026000540019830000170025244000340026950000420030365000180034565000240036399900190038795201100040620140412111309.0030415s19uu xx 00 eng d a1-896298-14-1 aERbTw91 1994 aGreene, Kim a20,000 leagues under the sea /cadapted by Kim Greene ; illustrated by Dan Nosella. aOntario, Canada :bTribute Publishing Inc,c1994. a32 p. ; ill. aThe Pagemaster Classic Series aAdapted from the novel by Jules Verne aSeas--Fiction aAdventures--Fiction c103860d103860 00104050aELbELcERd2003-04-15eDonationl0oER Tw91 1994pE6024r2014-04-12 00:00:00w2014-04-12yBK